Pop Culture of the 2010s by Image - Statistics

General Stats
  • This quiz has been taken 1,784 times
    1,764 since last reset
  • The average score is 15 of 20
Answer Stats
Picture Hint Answer % Correct
2011 Social Media Snapchat
99%
2014 Viral Activity Ice Bucket Challenge
91%
2017/18 Song Baby Shark
90%
2010 Film Despicable Me
90%
2016 Game Pokémon Go
90%
2013 Social Media Vine
90%
2019 Character Baby Yoda
89%
2018/19 Song Old Town Road
87%
2015 Series Reboot Star Wars
83%
2015 Musical Hamilton
80%
2018 Rapper XXXTentacion
78%
2017 Engagement Harry & Meghan
71%
2013 Word of the Year Selfie
70%
2014 Film The Fault in Our Stars
67%
2011 Hit Song Friday
66%
2012 Meme Grumpy Cat
63%
2016 Meme Harambe
63%
2017 Meme Salt Bae
61%
2010 Event BP Oil Spill
12%
2012 Meme ERMAHGERD
10%
No matching quizzes found
Score Distribution
Percent of People with Each Score
Percentile by Number Answered
Your Score History
You have not taken this quiz since the last reset